000
00199 a2200097 4500
001
47508
100
_a
Bell L
245
_a
Sabotage
260
_a
London
_b
T Werner Lavrie
_c
090
_c
30527
_d
30527
942
_a
NUST-CAE
_c
M
_c
22811
999
_c
282581
_d
282581